000 01140nam0a2200325 4500
001 RU\NLR\bibl\1701610
005 20260405213251.0
010 _a5-85480-103-5
_9200
021 _aRU
_b2010-79473
_95298
035 _a(nilc)RSL-KNO-004749905
035 _a(NLR Aleph) 001692686
090 _a1170752
_c1170752
100 _a20101018d2010 |||y0rusy50 ca
101 0 _arus
102 _aRU
105 _aa zzzz|||||
200 1 _aГолубой океан
_fГалина Таланова
210 _aНижний Новгород
_cВертикаль. XXI век
_d2010
215 _a255 с.
_cил., портр.
_d20
300 _aПеред вып. дан. авт.: Галина Борисовна Таланова (Галина Бочкова)
686 _aШ5(2=Р)75-64я44
_2rubbk
686 _aШ6(2=Р)8-5
700 1 _4070
_8rus
_7ca
_aТаланова
_bГ. Б.
_f1961-
_gГалина Борисовна
_3RU\NLR\auth\7796317
_979243
801 0 _aRU
_bРГБ
_c20101018
_grcr
801 1 _aRU
_bРГБ
_c20101018
801 2 _aRU
_bNLR
_c20101118
_grcr
942 _cBOOK
980 _aNB